[Event "CHN-RUS Summit Men 1st"]
[Site "Shanghai"]
[Date "2001.09.09"]
[Round "3"]
[White "Grischuk, Alexander"]
[Black "Ye, Jiangchuan"]
[Result "1/2-1/2"]
[WhiteElo "2669"]
[BlackElo "2677"]
[Annotator "Ribli,Z"]
[PlyCount "91"]
[EventDate "2001.09.07"]
[EventType "schev"]
[EventRounds "6"]
[EventCountry "CHN"]
[SourceTitle "CBM 085"]
[Source "ChessBase"]
[SourceDate "2001.11.13"]
[SourceVersion "1"]
[SourceVersionDate "2001.11.13"]
[SourceQuality "1"]

1. e4 c5 2. Nf3 e6 3. d4 cxd4 4. Nxd4 Nc6 5. Nc3 Qc7 {Der chinesische
Grossmeister spielt die Taimanov-Paulsen Variante gern.} 6. Be2 a6 7. O-O Nf6
8. Be3 {Diese ganze Variante ist sehr populär in der letzten Zeit - besonders
seit der Partie Dolmatov,S-Tunik,G RUS 1998, in der Weiß zuerst den starken
Läuferzug 13.Bd4 spielte (siehe unten).} Bb4 9. Na4 Be7 10. Nxc6 bxc6 11. Nb6
Rb8 12. Nxc8 Qxc8 13. Bd4 c5 14. Be5 (14. Bc3 Nxe4 15. Bxg7 Rg8 16. Bh6 c4 17.
Qd4 d5 18. Bf3 Nd6 19. Bf4 Nf5 {0-1 Manakova,M-Skripchenko,A/Vrnjacka Banja
1999/EXT 2000 (43)}) 14... Rb6 15. b3 {Dieser Bauernzug ist heutzutage weniger
populär - man spielt lieber den Damezug 15.Qd3.} (15. Qd3 $5) 15... Nxe4 $5 {
Schwarz nimmt den e4-Zentrumsbauern und beschäftigt sich nicht mit der
Schwächung der Bauernstruktur am Königsflügel.} (15... O-O 16. Bd3 d6 17. Bb2
Nd7 18. f4 Bf6 19. Bxf6 Nxf6 20. Qe2 $14 {Dolmatov,S - Tunik,G RUS 1998.}) 16.
Bxg7 Rg8 17. Be5 {Dieser Läuferzug ist nützlich, sonst muss Weiß in einigen
Varianten mit dem Erscheinen des schwarzen Turms auf d6 rechnen.} (17. Bb2 Rd6
(17... Bf6 $6 18. Bxf6 Nxf6 19. Bf3 $14) 18. Bd3 c4 19. bxc4 Qc6 20. Qf3 Nd2
21. Qxc6 Rxc6 22. Rfd1 Nxc4 {1/2-1/2 Lutz,C-Miladinovic,I/Corfu 1999/CBM 74 
(31)}) 17... Bd6 18. Bxd6 (18. f4 c4 $1 19. Kh1 Bxe5 20. fxe5 Qc5 21. Qe1 Qxe5
(21... Rg5) 22. Bxc4 Rd6 23. Bd3 f5 24. Qh4 Rg4 {1/2-1/2 Marjanovic,
S-Miladinovic,I/9th Battle of Crete 1999 (34)}) (18. Bg3 c4 (18... Nxg3 19.
fxg3 $5 Ke7 (19... Be5 20. Bh5 Bxa1 21. Qxa1 Kd8 22. Qf6+ Kc7 23. Qe5+ Kb7 24.
Rxf7 {1-0 Szczechowicz,B-Dobrowolski,A/Barlinek CZE 2001/(44)}) 20. Qd3 $14 {
1-0 Shabalov,A-Macieja,B/Paget Parish 2001/CBM 81/[Ribli] (61)}) 19. Bxc4 Bxg3
20. hxg3 Qc5 21. Bd3 Nxg3 22. Qf3 $1 Ke7 23. Rfe1 Rg5 24. Rad1 {1/2-1/2
Shabalov,A-Lutz,C/Istanbul 2000/EXT 2001/[Ribli] (61)}) 18... Rxd6 19. Bd3 Qc6
{[%cal Gc6g2,Gg8g2]} 20. f3 (20. Qf3 Nf6 21. Qxc6 Rxc6 22. Rae1 Ke7 23. f4 d6
24. Rf3 Rb6 {0-1 Hernandez,Y-Sziva,E/Istanbul TUR 2000/(68)}) 20... Nf6 (20...
Nc3 $2 21. Qe1 Nd5 22. Bxh7 $16) (20... Ng5 21. Kh1 $14) 21. Qe2 Ke7 {Schwarz
verbessert seine Königsstellung und bestimmt nicht seinen Plan. Die
Bauernstellung ist assymetrisch, die Bauern auf a6 und h7 sind etwas schwach,
aber wenn Schwarz seine Zentrumbauern mobilisieren kann, bekommt er mindestens
gleiche Chancen.} (21... Qd5 22. Kh1 Qh5 23. Rae1 Qh6 24. f4 Nh5 25. Qf3 Ng3+
26. Kg1 Nxf1 27. Qa8+ Ke7 28. Qxg8 Qxh2+ 29. Kxf1 Qxf4+ 30. Ke2 Qe5+ 31. Kd2
Rxd3+ 32. cxd3 Qb2+ $11 {1/2-1/2 Korneev,O-Fluvia Poyatos,J/Mondariz 2000/EXT
2001 (43)}) (21... h5 22. f4 Rd4 23. f5 Rdg4 24. Rf2 Ne4 25. Bxe4 Qxe4 26. Qxe4
Rxe4 27. Rd1 d5 28. Kf1 Ke7 29. Rd3 {1/2-1/2 Palac,M-Rodriguez Guerrero,E/
Lorca ESP 2001/(29)}) 22. f4 Rd5 {[%mdl 4] Schwarz lässt den a6-Bauern hängen
und bringt den Turm ins Spiel. Es ist wahr, dass der d6-Punkt für den Turm
weniger glücklich war.} 23. Bxa6 (23. f5 Re5 24. Qf3 Qxf3 25. Rxf3 a5 26. fxe6
fxe6 27. Raf1 Rf8 $11) 23... Ng4 $44 {[%csl Gg4][%cal Gg8g1,Gc6g2,Gd5h5]
Schwarz hat gutes Figurenspiel am Königsflügel.} 24. Bb5 (24. a4 {Der weiße
a-Bauer ist in vielen Varianten eine große potentielle Gefahr für Schwarz.} c4
$1 {[%cal Rc6a6,Rc6b6,Rb6g1]} (24... Ne3 $6 25. Qxe3 (25. Rf2 Nxg2 26. Rxg2
Rxg2+ 27. Qxg2 Qxa6 $13) 25... Rxg2+ (25... Qxa6 26. f5 $16) 26. Kxg2 (26. Kh1
Rh5 $19) 26... Rd3+ (26... Rd2+ 27. Kg3 Qg2+ 28. Kh4 Qxh2+ 29. Qh3 $18) 27. Qf3
Rxf3 28. Rxf3 Qxa6 29. a5 $16) 25. Bxc4 Rh5 26. h3 Rxh3 $1 $40 {[%csl Gc6,Rg1,
Gg4,Gg8,Gh3]}) 24... Qd6 {Schwarz hat einen Bauern weniger, aber seine Figuren
stehen aktiv - es droht jetzt 25...Rd2.} 25. Bd3 c4 $1 {[%mdl 512] Dieses
Bauernopfer ist typisch in dieser Variante - Schwarz öffnet die Diagonale
a7-g1 für seiner Dame.} 26. bxc4 (26. Bxh7 Rh5 27. Bxg8 Qd4+ $19) (26. Bxc4 Rd2
27. Qf3 Ne3 28. g3 Nxf1 29. Rxf1 Rxc2 $17) 26... Qc5+ 27. Kh1 Rh5 28. h3 Ne3
29. Be4 {Mit diesem Zug opfert Weiss die Qualität, aber er verteidigt den
g2-Punkt.} (29. Rf2 Nxg2 $1 30. Rxg2 Rxh3+ 31. Rh2 Rhg3 32. Qe1 (32. Rf2 Re3 (
32... Rh3+) 33. Qf1 Qc6+ 34. Kh2 Rg4 $19) 32... Qc6+ 33. Qe4 Qc5 $11) (29. Rg1
Nxg2 30. Rxg2 Rxh3+ {Und wir haben dieselbe Variante wie im Falle von 29.Rf2.})
29... Nxf1 30. Rxf1 Rg3 $13 {Droht 31...Re3. Schwarz hat einen Turm gegen
Läufer und zwei Bauern. Die weißen Bauern am Damenfluegel sind schwach, aber
Weiß hat seine taktischen Gegenchancen.} 31. f5 Rh6 (31... Rhg5 32. f6+ Kd8 $13
) 32. Qd2 {[%cal Gf1d1,Gd1d7]} Re3 (32... Qe3 $2 33. Qb4+ d6 (33... Ke8 34.
Qb8+ Ke7 35. f6+ Rxf6 36. Qb4+ $18) 34. f6+ Rxf6 35. Qb7+ $18) 33. Rd1 d6 34.
Rb1 {[%cal Gb1b7,Gb7e7]} exf5 35. Rb5 (35. Bxf5 $13) 35... Qa3 36. Rb7+ (36.
Bxf5 Qc3 37. Qxc3 Rxc3 $11) 36... Kd8 (36... Kf8 37. Bxf5 $13) 37. Bd5 {
[%csl Gd5] Der d5B dominiert auf dem Brett. Es ist wahr, dass Weiß auch einen
Doppelbauern hat, aber die schwarze Bauernstruktur ist noch schwächer.} Rg6 (
37... Rexh3+ $2 {Dieses Turmopfer hängt immer in der Luft, aber hier ist es
nicht gut.} 38. gxh3 Qxh3+ 39. Kg1 Rg6+ 40. Bg2 $18) 38. Rb8+ Kc7 39. Rb7+ Kc8
{Jetzt droht 40...Rxh3+ und im Falle von 41.gxh3 Qxh3+ 42.Qh2 Qf1+ mit Gewinn.}
40. c3 $6 (40. Rb3 $1 Rxb3 41. cxb3 $14 (41. axb3 Qa1+ 42. Kh2 Qe5+ $11)) 40...
Rxc3 (40... Qxc3 41. Qxc3 Rxc3 42. Rxf7 Ra3 43. Rxh7 Rxa2 $11) 41. Rb1 Rxh3+
$11 {Dieses Turmopfer führt zu einem forcierten Remis. Aber - ich glaube - mit
so schwacher Bauernstruktur hätte Schwarz keine Chancen auf Gewinn.} (41... Re3
) 42. gxh3 Qxh3+ 43. Qh2 Qe3 {[%cal Rg6h6,Rh6h1] Nach diesem Zug ist das Remis
klar - es droht 44.Rh6 mit Damengewinn, so muss Weiß mit der Dame weggehen,
wonach Schwarz ewiges Schach gibt.} 44. Qb2 Rh6+ 45. Kg2 Rg6+ 46. Kh1 1/2-1/2

[Event "CHN-RUS Summit Men 1st"]
[Site "Shanghai"]
[Date "2001.09.10"]
[Round "4"]
[White "Grischuk, Alexander"]
[Black "Zhang, Zhong"]
[Result "1-0"]
[WhiteElo "2669"]
[BlackElo "2667"]
[Annotator "Ftacnik,L"]
[PlyCount "75"]
[EventDate "2001.09.07"]
[EventType "schev"]
[EventRounds "6"]
[EventCountry "CHN"]
[SourceTitle "CBM 085"]
[Source "ChessBase"]
[SourceDate "2001.11.13"]
[SourceVersion "1"]
[SourceVersionDate "2001.11.13"]
[SourceQuality "1"]

1. e4 c5 2. Nf3 d6 3. d4 cxd4 4. Nxd4 Nf6 5. Nc3 a6 6. f3 e5 7. Nb3 Be6 8. Be3
Be7 9. Qd2 h5 10. a4 Nbd7 11. a5 Rc8 12. Be2 Qc7 13. O-O O-O 14. Kh1 $5 {
Grischuk has taken his time to study an inetresting theoretical position and
came with a novelty of removing the king from the a7-g1 diagonal.} Rfd8 15. Nc1
(15. Rfd1 d5 $1 16. exd5 Nxd5 17. Nxd5 Bxd5 18. Qxd5 Nf6 $11) 15... h4 (15...
Nc5 16. Nd5 Nxd5 17. exd5 Bf5 18. b4 $14) 16. Rd1 Nc5 (16... g6 $5) 17. Nd5 $1
Bxd5 $2 {[%mdl 16384] Serious positional mistake, black will not be able to
withstand the march of white queenside pawns without the white squared bishop.}
(17... Nxd5 $1 18. exd5 Bf5 19. b4 Nd7 20. c4 $14) 18. exd5 Nh5 19. b4 Nd7 20.
c4 f5 (20... Bf6 21. Ra2 $16) 21. c5 $1 Ndf6 (21... dxc5 22. d6 Bxd6 23. Qxd6
Qxd6 24. Rxd6 cxb4 25. Nd3 $18) 22. c6 Rf8 (22... bxc6 23. Bxa6 Nxd5 (23... Rb8
24. Qc3 c5 25. b5 $18) 24. Bc4 Rb8 25. Bxd5+ cxd5 26. Qxd5+ Kf8 27. Bb6 $18)
23. b5 $1 axb5 (23... bxc6 24. bxc6 Rb8 25. Bxa6 $18) 24. Bxb5 Bd8 (24... h3
25. g3 $16) 25. cxb7 Qxb7 26. Bc6 Qf7 (26... Rxc6 27. dxc6 Qxc6 28. Qxd6 $18)
27. a6 f4 28. Bf2 e4 29. a7 $1 {The main white trumph will help to avert the
focus from the endangered location of the white's king.} (29. fxe4 $2 Nxe4 30.
Qd4 (30. Qe1 Nhg3+ $1 31. Kg1 (31. hxg3 hxg3 32. Qxe4 Qh5+ 33. Kg1 gxf2+ 34.
Kxf2 Bh4+ $19) 31... Nxf2 32. Qxf2 Ne4 $17) 30... Bf6 31. Qxe4 Bxa1 $13) 29...
Ng3+ (29... e3 30. Bxe3 fxe3 31. Qxe3 $18) 30. Bxg3 (30. Kg1 e3 31. Qb4 exf2+
32. Kxf2 $17) (30. hxg3 $2 hxg3 31. a8=Q Qh5+ 32. Kg1 Qh2+ 33. Kf1 Qh1+ 34. Ke2
(34. Bg1 Bb6 $1) 34... Qxg2 35. Rf1 Rxa8 36. Rxa8 exf3+ 37. Ke1 Ne4 $19) 30...
hxg3 (30... fxg3 31. a8=Q Rxa8 32. Rxa8 exf3 33. Rxd8 Rxd8 34. gxf3 $18) 31.
Qxf4 Qh5 (31... exf3 32. Qxf3 Ng4 33. Qxf7+ (33. Qxg4 $4 Qf1+ 34. Rxf1 Rxf1#)
33... Kxf7 34. Nd3 $18) 32. h3 exf3 33. Qxf3 Ne4 $5 {In the lost position
black can afford even such brave attempt to turn the tide of the unfavorable
flow of the fight.} (33... Qxf3 34. gxf3 Bb6 35. a8=Q $18) 34. Qxh5 Nf2+ 35.
Kg1 Bb6 (35... Nxd1 36. Qxd1 Bb6+ 37. Kh1 $18) 36. Kf1 (36. a8=Q $2 Nxd1+ 37.
Kh1 Rf1#) 36... Nxh3+ (36... Nd3+ 37. Ke2 (37. Qf3 Rxf3+ 38. gxf3 Nf4 39. Rd2
g2+ 40. Rxg2 Nxg2 41. Kxg2 $18) 37... Nf4+ 38. Kd2 Nxh5 39. a8=Q Rxa8 40. Rxa8
Rxa8 41. Bxa8 Nf4 42. Ne2 $18) 37. Ke1 (37. Qf3 Rxf3+ 38. gxf3 Nf4 39. Rd2 $18)
37... Nf4 38. Qf3 1-0

[Event "WchT 5th"]
[Site "Yerevan"]
[Date "2001.10.15"]
[Round "4.2"]
[White "Grischuk, Alexander"]
[Black "Vaganian, Rafael A"]
[Result "1/2-1/2"]
[WhiteElo "2666"]
[BlackElo "2650"]
[Annotator "Psakhis,L"]
[PlyCount "68"]
[EventDate "2001.10.12"]
[EventType "team-tourn"]
[EventRounds "9"]
[EventCountry "ARM"]
[SourceTitle "CBM 086"]
[Source "ChessBase"]
[SourceDate "2002.02.05"]
[SourceVersion "1"]
[SourceVersionDate "2002.02.05"]
[SourceQuality "1"]
[WhiteTeam "Russia"]
[BlackTeam "Armenia"]
[WhiteTeamCountry "RUS"]
[BlackTeamCountry "ARM"]

1. e4 e6 2. d4 d5 3. e5 c5 4. c3 Qb6 5. Nf3 Bd7 6. Be2 ({After} 6. a3 {Black
can use few interesting lines, for example} a5 ({Worth considering and} 6...
Bb5 $5 7. c4 dxc4 $5 8. Nc3 Nc6 9. d5 O-O-O 10. d6 f6 11. Nxb5 Qxb5 12. Qc2
Nxe5 13. Nxe5 fxe5 14. Bxc4 Qc6 15. Bxe6+ Kb8 $132 {0-1 Motylev,A-Volkov,S/St.
Petersburg 1997/CBM 62 (37)}) 7. Be2 a4 8. O-O Nc6 9. dxc5 Bxc5 10. c4 Nge7 11.
Nc3 Nd4 12. cxd5 Nxe2+ 13. Qxe2 Nxd5 14. Nxd5 exd5 15. Rd1 Bb5 16. Qe1 Bc4 17.
Be3 Bxe3 18. Qxe3 Qxe3 19. fxe3 O-O 20. Rd4 Rfe8 21. Rc1 h6 22. e4 dxe4 23.
Rcxc4 exf3 24. gxf3 Rxe5 25. Rxa4 Rxa4 {1/2-1/2 Peng Xiaomin-Kaidanov,G/
USA-China Summit Seattle 2001/CBM 82 (25)}) 6... cxd4 7. cxd4 Bb5 8. Nc3 Bxe2
9. Nxe2 Ne7 $1 {[%cal Ge7c6,Gb8d7] Best reply- knight goes to c6} (9... Nc6 $6
10. O-O O-O-O 11. Rb1 $1 Kb8 12. b4 Rc8 13. Bd2 h6 14. a4 g5 15. Bc3 Be7 16.
Ne1 f5 17. Nd3 f4 18. Qd2 $16 {1-0 Short,N-Ward,C/Isle of Man op 1999/CBM 74 
(27)}) (9... Bb4+ 10. Kf1 $1) 10. O-O Nec6 11. Rb1 a5 12. Qd2 $146 {[%cal
Gd2f4] Grischuk had already expierence in this line-last year he played} (12.
Be3 Nd7 13. h4 {but didn,t get any advantage after} Be7 14. Bg5 h6 15. Bxe7
Nxe7 16. Qd2 O-O 17. Rbc1 Rfc8 18. h5 Qb4 {Grischuk,A-Gurevich,M/Cannes World
Cup of Rapid Chess 2001/CBM 82/[Psakhis]/0-1 (56)}) 12... h6 13. h4 Nd7 14. Rd1
Qa6 {[%csl Ga6][%cal Ga6e2]} 15. a3 a4 {[%csl Gb3,Gc4][%cal Gc6a5]} 16. Nc3 Na5
17. Qf4 {White can't organize serious initiative on the king's side without
light coloured bishop} Nb3 18. Nd2 ({Worth considering} 18. Be3) 18... Nxc1 19.
Rbxc1 Be7 20. Qg4 g5 $5 21. Nf3 (21. h5 f5 $5 22. exf6 Nxf6 $132 {[%csl Re6,
Rh5]}) 21... Nb6 22. Rb1 Rc8 {Little bit slow} ({After natural} 22... h5 $142
$5 23. Qg3 gxh4 $5 (23... g4 24. Ng5 Bxg5 25. hxg5 {[%csl Re8]}) 24. Nxh4 (24.
Qg7 Kd7 25. Qxf7 Raf8 26. Qg7 h3 $36) 24... Kd7 (24... Rc8 $5) 25. Qf4 Raf8 26.
Nf3 h4 {black position is very promising.}) 23. Qh5 $5 Kd7 (23... gxh4 $5 24.
Nxh4 Bxa3) 24. Qxf7 Rcf8 25. Qh5 Rf5 26. hxg5 Qa8 {[%cal Ga8h8]} 27. b3 $1 {
Opening second front on the <<} (27. Qg4 hxg5 {[%cal Gf5f4]} 28. g3 $6 Rhf8 $36
) 27... hxg5 28. Qg4 Qf8 (28... Rf4 29. Qg3) 29. bxa4 (29. Nxa4 $142 Nxa4 30.
bxa4 Qh6 31. Kf1 $8 Rf4 32. Qg3 $16) 29... Rf4 30. Qg3 Bd8 $1 {Possibly
Grischuk understimated this move.N b6 is protected and Black have enough time
to organize counterplay on the >>} 31. Ne2 ({White could try} 31. a5 {but after
} g4 $1 32. Ng5 $1 (32. Ne2 Rf5 33. Qxg4 Rg8 $40) 32... Bxg5 33. Rxb6 Bh4 $5
34. Rxb7+ Kc8 {he any case can't avoid draw-} 35. Rdb1 $3 Bxg3 36. Rb8+ Kc7 37.
R1b7+ Kc6 38. Rb6+ $11) 31... Re4 32. Nc3 Rf4 33. Ne2 Re4 34. Nc3 Rf4 1/2-1/2

[Event "WchT 5th"]
[Site "Yerevan"]
[Date "2001.10.18"]
[Round "7.3"]
[White "Arencibia Rodriguez, Walter"]
[Black "Grischuk, Alexander"]
[Result "1/2-1/2"]
[WhiteElo "2533"]
[BlackElo "2666"]
[Annotator "Huzman,A"]
[PlyCount "42"]
[EventDate "2001.10.12"]
[EventType "team-tourn"]
[EventRounds "9"]
[EventCountry "ARM"]
[SourceTitle "CBM 086"]
[Source "ChessBase"]
[SourceDate "2002.02.05"]
[SourceVersion "1"]
[SourceVersionDate "2002.02.05"]
[SourceQuality "1"]
[WhiteTeam "Cuba"]
[BlackTeam "Russia"]
[WhiteTeamCountry "CUB"]
[BlackTeamCountry "RUS"]

1. d4 d5 2. c4 dxc4 3. e3 e6 4. Bxc4 c5 5. Nf3 a6 6. Qe2 b5 7. Bd3 cxd4 8. exd4
Nf6 9. O-O Be7 10. a4 bxa4 11. Bg5 Bb7 12. Bxf6 (12. Nc3 Nc6 13. Rxa4 O-O 14.
Ne4 (14. Rd1 Nd5 (14... a5 15. Ne5 Nb4 16. Bb1 Nfd5 17. Bd2 f5 18. Ra3 Bf6 19.
Na4 Ba6 20. Qe1 Re8 21. Nc5 Bb5 22. Rh3 Bxe5 23. Qxe5 Nc6 24. Qe1 Nxd4 25. Be3
Ne2+ 26. Kh1 Qe7 {0-1 Damljanovic,B-Rublevsky,S/Moscow olm (09)/1994 (55)}) 15.
Nxd5 Qxd5 16. Bxe7 Nxe7 17. Rda1 Nf5 18. Qe5 Qb3 19. Bxf5 exf5 20. Qxf5 Bxf3
21. Qxf3 Qxb2 22. d5 {0-1 Granda Zuniga,J-Rublevsky,S/Oviedo 45' (07)/1992 (37)
}) 14... Nxe4 (14... Nd5 15. Nc5 Bxg5 16. Nxb7 Qe7 17. Bxh7+ Kxh7 18. Qc2+ Kh6
19. Nxg5 Kxg5 20. Qxc6 Rfc8 21. Qd6 Qxb7 $19 {0-1 Iclicki,W-Davidovic,A/London
Haringey/1988 (27)}) 15. Qxe4 g6 16. Qh4 Re8 17. Re1 Rc8 18. d5 Qxd5 (18...
exd5 $5) 19. Rf4 Qxd3 20. Rxf7 $40 {1/2-1/2 Lautier,J-Ivanchuk,V/Belgrade
Invest 1995/CBM 51/[Ftacnik] (25)}) 12... Bxf6 13. Be4 {This plan is connected
with simplification of position and can't give White real advantage.} Bxe4 (
13... Ra7 14. Nc3 O-O 15. Rxa4 Qb6 $11) 14. Qxe4 Nd7 15. Nc3 O-O 16. Rxa4 Be7 (
16... Qb6 $5 17. Qe2 Rfb8 $15) 17. Qe2 a5 18. Rc4 $1 Rb8 (18... Nb6 19. Rc6 Nd5
20. Rc1 Rb8 $11) 19. Rc6 Nf6 20. Rc1 Nd5 21. Ne4 a4 (21... a4 22. Ne5 a3 23.
bxa3 Bxa3 24. Rd1 $11) 1/2-1/2

[Event "Corus"]
[Site "Wijk aan Zee"]
[Date "2002.01.16"]
[Round "4"]
[White "Van Wely, Loek"]
[Black "Grischuk, Alexander"]
[Result "0-1"]
[WhiteElo "2697"]
[BlackElo "2671"]
[Annotator "Ftacnik,L"]
[PlyCount "88"]
[EventDate "2002.01.12"]
[EventType "tourn"]
[EventRounds "13"]
[EventCountry "NED"]
[EventCategory "18"]
[SourceTitle "CBM 087"]
[Source "ChessBase"]
[SourceDate "2002.03.21"]
[SourceVersion "1"]
[SourceVersionDate "2002.03.21"]
[SourceQuality "1"]

1. c4 e6 2. d4 d5 3. Nc3 c5 4. cxd5 exd5 5. Nf3 Nc6 6. g3 Nf6 7. Bg2 Be7 8. O-O
O-O 9. dxc5 Bxc5 10. Bg5 d4 11. Bxf6 Qxf6 12. Nd5 Qd8 13. Nd2 Re8 14. Rc1 Bf8
15. Re1 (15. Nf4) (15. Nb3) (15. Nc4) 15... Bg4 (15... Bh3 16. Bxh3 Qxd5 17. a3
d3 18. Bg2 dxe2 19. Bxd5 exd1=Q 20. Rexd1 Ne5 21. Ne4 Rad8 22. h3 {1/2-1/2
Slipak,S-Rosito,J/Mar del Plata 1994/ (41)}) 16. h3 $2 {[%mdl 8192] Van Wely
played in Wijk in a misserable form, after this naive blunder he will have no
compensation for the pawn.} (16. Nb3 Re5 17. Nf4 Bb4 18. Nd2 (18. Nd3 Bxe1 19.
Nxe5 Nxe5 20. Qxe1 d3 21. f4 Qb6+ 22. Kh1 dxe2 23. fxe5 Rd8 24. Nd2 Qxb2 25.
Bf3 Bxf3+ {0-1 Molinaroli,M-Schlehoefer,R/Dortmund 1987/ (25)}) 18... d3 (18...
Qe8 19. a3 Bxd2 20. Qxd2 Rd8 21. h3 Bf5 22. b4 Be4 {1/2-1/2 Velikov,P-Dobrev,N/
Pamporovo/2001/ (71)}) 19. Nxd3 Bxe2 20. Rxe2 Qxd3 21. Be4 Qd4 22. Rc4 Qd6 23.
Bxc6 Rxe2 24. Qxe2 Bxd2 25. Bxb7 Rd8 {1/2-1/2 Timman,J-Gligoric,S/Bugojno 1978/
(43)}) 16... Bxh3 $1 17. Bxh3 Qxd5 18. a3 (18. Bg2 Qxa2 19. Rxc6 bxc6 20. Bxc6
Qxb2 $19) 18... Rab8 (18... Rad8 19. Bg2 Qd7 20. Nf3 Qf5 $17) 19. Bg2 Qh5 20.
Nb3 (20. Bxc6 bxc6 21. b4 c5 22. bxc5 Bxc5 23. Nc4 Re6 $19) 20... Rbd8 21. Bf3
(21. Bxc6 bxc6 22. Rxc6 Qb5 23. Rc7 d3 $1 24. e3 (24. exd3 Rxe1+ 25. Qxe1 Qxb3
$19) 24... a5 $17) 21... Qb5 22. Qd3 (22. Qc2 Ne5 23. Be4 d3 24. exd3 Nxd3 25.
Bxd3 Rxe1+ 26. Rxe1 Qxd3 $17) 22... Qb6 {The trading of the queens would only
make life easier for the defender.} (22... Qxd3 23. exd3 Ne5 24. Be4 f5 25.
Bxb7 Re7 (25... Nxd3 26. Rxe8 Rxe8 27. Rc2 $11) 26. Nc5 Nxd3 27. Nxd3 Rxb7 28.
b4 $15) 23. Bxc6 (23. Qc2 Ne5 $17) 23... bxc6 24. Rc2 (24. Nd2 Qxb2 25. Rxc6
Qxa3 $19) 24... c5 25. Nd2 Qf6 (25... Qg6 $6 26. Qxg6 hxg6 27. Nc4 $15) 26. Rc4
(26. Nc4 Rd5 27. b3 Rh5 $17) 26... h5 (26... Rd5 27. b4 cxb4 28. axb4 a6 29.
Nf3 Rb5 $17) 27. Nf3 (27. b4 cxb4 28. axb4 h4 $1 $17) 27... Rb8 28. b3 (28. b4
cxb4 29. axb4 Rxb4 $17) 28... Rb6 29. Rec1 a5 30. Rxc5 $5 {Brave attempt to
avoid stranling as b3 and e2 pawns needed protection and counterplay was
nowhere to be seen.} (30. b4 axb4 31. axb4 Rxb4 32. Rxb4 cxb4 33. Nxd4 Rd8 $17)
30... Bxc5 31. Rxc5 h4 $1 32. Nxh4 (32. Nxd4 Rd8 33. e3 hxg3 34. fxg3 Qd6 $17)
(32. Rxa5 $5 hxg3 33. fxg3 Rd6 34. Ng5 Qh6 $17) 32... Rbe6 33. Rc2 Rc6 34. Qb5
(34. Rxc6 Qxc6 35. Nf5 Qc5 36. a4 Re5 37. g4 Qc3 38. Nxd4 Qxd3 39. exd3 Rd5 40.
Nc6 Rc5 $17) 34... Rec8 35. Rxc6 Qxc6 36. Qxa5 (36. Qxc6 Rxc6 37. Nf5 d3 38.
exd3 (38. Ne7+ $2 Kf8 39. Nxc6 dxe2 $19) 38... Rc3 39. b4 a4 $19) 36... Qe4 37.
Nf3 (37. Qg5 g6 38. Qf4 Qxe2 39. Qxd4 Rc1+ 40. Kg2 Qf1+ 41. Kf3 Rd1 $40) 37...
d3 $1 {The game is over as white will be unable to fight off the black passed
pawn.} 38. Qd2 Qxe2 39. Qf4 (39. Kg2 Qxd2 40. Nxd2 Rc2 $19) 39... Qd1+ 40. Kh2
Qxb3 41. Qd6 Qc2 42. Kg2 Qe2 43. a4 Qe4 44. a5 g5 $1 (44... g5 $1 45. Qd7 Rc5
46. g4 Rd5 $19) 0-1